000 00400nam a22001577a 4500
003 MPLRDC
005 20220104143131.0
008 210129b ||||| |||| 00| 0 eng d
082 _a913.6 YYF
100 _a杨元方编著
245 _a中国老歌集粹
_c
260 _a
_b远大文化出版事业有限公司
_c
300 _b
650 _a歌谣曲; 流行歌曲
942 _cBK
_o913.6 YYF
999 _c36951
_d36941